Name Some Random Micronations Quiz Stats

 Plays Quiz not verified by Sporcle

Challenge
Share
Tweet
Embed
Score 0/15 Timer 05:00
0 Plays Today
Answer % Correct
Sealand
94.4%
Wy
61.1%
Molossia
55.6%
Hutt River
50%
Ladonia
50%
Liberland
22.2%
Aerican Empire
16.7%
Christiania
16.7%
Answer % Correct
Conch Republic
16.7%
Uzupis
11.1%
Minerva
11.1%
Lagoan Isles
5.6%
Austenasia
5.6%
Avkhizland
5.6%
Murrawarri Republic
5.6%

You're not logged in!

Compare scores with friends on all Sporcle quizzes.
OR
Log In

You Might Also Like...

Show Comments

Extras

Created Apr 5, 2016ReportNominate

Top Quizzes Today


Score Distribution

Your Account Isn't Verified!

In order to create a playlist on Sporcle, you need to verify the email address you used during registration. Go to your Sporcle Settings to finish the process.

Report this User

Report this user for behavior that violates our Community Guidelines.

Details: